000 00651nam a2200181 4500
001 125836
003 ES-MaACL
005 20230906192716.0
007 t|
008 070214s1944 sp r ||||1| spa d
110 2 _aEscuela Social de Madrid.
_93593
245 1 0 _aReglamentación vigente de las escuelas sociales y seminarios de estudios /
_cEscuela Social de Madrid.
260 _aMadrid :
_b[Escuela Social de Madrid],
_c1944 (
_fGráf. Barragán)
300 _a21 p. ;
_c15 cm.
594 _aPrecede al tít.: Ministerio de Trabajo. Escuela Social de Madrid.
650 4 _aGraduados sociales-
_zEspaña.
_9173588
852 _aES-MaACL
_j1837-F-15
999 _c125836
_d125836